[Event "Granada Region-ch Seniors"]
[Site "Granada"]
[Date "2013.??.??"]
[Round "4.3"]
[White "Linares Fernandez, Jacinto"]
[Black "Haag Vetter, Michael Harry"]
[Result "0-1"]
[WhiteElo "1392"]
[BlackElo "1733"]
[PlyCount "73"]
[EventDate "2013.01.08"]
[EventType "swiss"]
[EventRounds "6"]
[EventCountry "ESP"]
[SourceTitle "EXT 2024"]
[Source "ChessBase"]
[SourceDate "2023.10.10"]
[SourceVersion "1"]
[SourceVersionDate "2023.10.10"]
[SourceQuality "1"]

1. d4 Nf6 2. c4 c5 3. Nf3 g6 4. Nc3 Bg7 5. d5 0-0 6. e4 d6 7. Be2 e6 8. Bg5 h6 9. Bh4 exd5 10. exd5 Bf5 11. h3 Qb6 12. Qd2 Na6 13. Bxf6 Bxf6 14. g4 Bd7 15. a3 Rfe8 16. 0-0 Re7 17. Bd3 Rae8 18. Rfe1 Kh7 19. Rxe7 Rxe7 20. Re1 Rxe1+ 21. Nxe1 Nc7 22. f4 Ne8 23. g5 hxg5 24. fxg5 Bd4+ 25. Kg2 Qb3 26. Nf3 Bxc3 27. bxc3 Qxa3 28. Qf4 Kg7 29. Qh4 Qxc3 30. Bxg6 fxg6 31. Qh6+ Kf7 32. h4 Ng7 33. h5 Qc2+ 34. Kg3 Nf5+ 35. Kf4 Nxh6 36. gxh6 Qxc4+ 37. Kg3 0-1